Kazi Nazrul Islam/ (Record no. 206311)

MARC details
000 -LEADER
fixed length control field 00590nam a22001937a 4500
005 - DATE AND TIME OF LATEST TRANSACTION
control field 20241011120916.0
010 ## - LCCN (DPL NO)
LC control number ENG-142057
020 ## - INTERNATIONAL STANDARD BOOK NUMBER
International Standard Book Number 9789354911194
Terms of availability 145.00
035 ## - SYSTEM CONTROL NUMBER
System control number EN-125589
037 ## - SOURCE OF ACQUISITION
Source of stock number/acquisition DBAD
082 ## - DEWEY DECIMAL CLASSIFICATION NUMBER
Classification number 921
Edition number 1
100 ## - MAIN ENTRY--PERSONAL NAME
Personal name Chakravarty, Basudha
245 ## - TITLE STATEMENT
Title Kazi Nazrul Islam/
Statement of responsibility, etc By Basudha Chakravarty
250 ## - EDITION STATEMENT
Edition statement 1
260 ## - PUBLICATION, DISTRIBUTION, ETC. (IMPRINT)
Place of publication, distribution, etc New Delhi
Name of publisher, distributor, etc National Book Trust, India
Date of publication, distribution, etc 2022(Revised)
270 ## - ADDRESS
Address Nehru Bhawan, 5 Institutional Area, Phase-II Vasant Kunj
City New Delhi
Postal code 110070
300 ## - PHYSICAL DESCRIPTION
Extent 122p.
Dimensions 19cm(pb)
942 ## - ADDED ENTRY ELEMENTS (KOHA)
Source of classification or shelving scheme Dewey Decimal Classification
Item type English Books
Call number suffix CHA
Classification part 921
Holdings
Withdrawn status Lost status Not for loan Collection code Home library Current library Date acquired Source of acquisition Cost, normal purchase price Full call number Barcode Copy number Cost, replacement price Koha item type
      Non-fiction Central Library Central Library 11/10/2024 Delivery of Books Act Division 145.00 CHA 921 EN-125589 1 145.00 English Books

© Delhi Public Library
Hit Counter
free hit counter